000 00461nam a22001697a 4500
003 JO-AjAnu
005 20241022085403.0
008 241020b jo ||||| |||| 00| 0 ara d
040 _cJO-AjAnu
041 _hENG
100 _aSendpoints
_eAuthor
_966364
245 _aColor Now : Color Combinations for Commercial Design
_c
260 _bSendpoint,
_c2018
300 _a269 pages
650 _vColor Combinations for Commercial Design
942 _2lcc
_cBK
_n0
999 _c33788
_d33788